[Event "GER CupT final"]
[Site "Baden-Baden"]
[Date "2002.03.10"]
[Round "2.2"]
[White "Speelman, Jonathan S"]
[Black "Huebner, Robert"]
[Result "1-0"]
[WhiteElo "2596"]
[BlackElo "2628"]
[Annotator "Horn,Peter"]
[PlyCount "135"]
[EventDate "2002.03.08"]
[EventType "team"]
[EventRounds "2"]
[EventCountry "GER"]
[SourceTitle "CBM 088"]
[Source "ChessBase"]
[SourceDate "2002.03.21"]
[SourceVersion "1"]
[SourceVersionDate "2002.03.21"]
[SourceQuality "1"]
[WhiteTeam "Luebeck"]
[BlackTeam "Baden Oos"]
[WhiteTeamCountry "GER"]
[BlackTeamCountry "GER"]

1. Nf3 d5 2. b3 Bg4 3. e3 Nd7 4. Bb2 Ngf6 5. h3 Bh5 6. d3 e6 7. Nbd2 ({RR} 7. g4 Bg6 8. Nh4 Bd6 9. Nd2 e5 10. Bg2 c6 11. Qe2 Qe7 12. Rf1 Ng8 13. Nxg6 hxg6 14. O-O-O O-O-O 15. c4 Nb6 16. Kb1 f6 17. cxd5 cxd5 18. a4 Bb4 19. f4 Kb8 20. fxe5 fxe5 21. Nf3 Nd7 {Bardyk,A (2257)-Gong Qianyun (2272) chess.com INT 2025 1-0 (33)}) 7... Bg6 {Der Zug kam für mich unerwartet; einen Anfänger würde ich vielleicht mit grundsätzlichen Ratschlägen zur Entwicklung der Figuren belästigen. Nach widerwilligem Ablegen meiner Schablone fiel mir als Problem bei der Entwicklung des f8 (z.B. nach d6) der Sturm g2-g4(-g5) ein: g7 ist ungedeckt, so daß der f6 nach h5 muß, wo man sich schon ein wenig Gedanken um seine Zukunft machen kann. Eine Probe mit der Megabase ergab, daß die meisten Schwarzspieler in dieser Stellung zu dem gleichen Ergebnis kamen: sie griffen zu neutralen Zügen wie c6 und a5, sogar vorsorglich zu h6.} ({Gespielt wurde} 7... Bd6 {allerdings doch:} 8. g4 ({Klaus Bischoff griff (1999) zu} 8. Be2 {, was R.Slobodjan mit} Bxf3 {beantwortete: schon wieder eine Überraschung.}) 8... Bg6 9. g5 Nh5 10. Be2 h6 11. Nh4 Qxg5 12. Nxg6 fxg6 13. Bg4 O-O-O 14. h4 Qe7 15. Bxh5 gxh5 16. Qxh5 Ba3 17. Bxa3 Qxa3 {Chaves Garce,J-Madeira,W/Brasilia 1985 .Weiß gewann diese Partie später; die schwarze Stellung gefällt mir hier aber noch sehr gut.}) 8. g3 Bd6 9. Bg2 {Weiß folgt Königsindischen Mustern. Man könnte hier Tempovergleiche mit der frühzeitigen Entwicklung c8-f5 (Lasker) anstellen.} Qe7 $146 ({In einer Vorgängerpartie sicherte Schwarz seinen  mit} 9... h6 10. Qe2 Qe7 11. a3 e5 12. e4 c6 13. Nh4 Bh7 14. O-O {Hier griff er mit} g5 $6 {zu drastischen Mitteln, die aber nicht belohnt wurden.} 15. Nf5 Bxf5 16. exf5 O-O-O {Hobuss,U-Zelcic,R/Geneve 1996}) ({RR} 9... h6 10. Qe2 Qe7 11. a3 e5 12. e4 c6 13. Nh4 Bh7 14. O-O g5 15. Nf5 Bxf5 16. exf5 O-O-O 17. Rfe1 Rhe8 18. c4 Kb8 19. b4 Ka8 20. Qd1 Bb8 21. Qb3 Qd6 22. a4 h5 23. Ba3 h4 24. g4 {Hobuss,U (2360)-Zelcic,R (2495) Geneve 1996 1-0 (38)}) 10. a3 O-O 11. Qe2 c6 12. e4 e5 (12... dxe4 13. dxe4 e5 14. Nh4 $14) 13. Nh4 Rfe8 14. O-O Nf8 $146 ({Instruktiv verlief eine Vorgängerpartie:} 14... Rad8 15. exd5 Nxd5 16. Nxg6 hxg6 17. Nc4 Bc7 18. Rae1 N7b6 19. Nd2 a5 20. Qd1 Bd6 21. Qa1 Qc7 22. Re2 $16 {Quinteros,M-Servat,R/Potrero de los Funes 1995}) 15. Rfe1 Rad8 $2 ({Angebracht scheint mir die Vereinfachung} 15... dxe4 16. dxe4) 16. exd5 cxd5 ({Bei der Alternative} 16... Nxd5 {fällt gegenüber der Partie Quinteros-Servat die Einschaltung von f8/fe1 (auch) ungünstig für Schwarz aus.} 17. Nc4 f6 (17... Bc7 18. Bxe5) 18. Nxd6 Qxd6 19. Nxg6 hxg6 20. Qe4 $16) 17. c4 {Die mit dem letzten Zug eingeleitete Standardmethode wird durch die Konstellation h4/g6 (Tausch bei Bedarf) begünstigt.} Bb8 (17... dxc4 18. Nxc4 $16) 18. d4 dxc4 ({Mit dem radikalen} 18... e4 $6 19. cxd5 Qd7 20. Nxg6 Nxg6 {kompliziert Schwarz das Spiel: für einen  werden seine Leute aktiv; e4-e3 liegt in der Luft. Letztlich scheint mir aber auch hier Weiß in der Vorhand zu bleiben.}) 19. dxe5 cxb3 20. Nxb3 N6d7 21. f4 $16 {Zu dem Läuferpaar (nach gelegentlichem xg6) kommt ein gut unterstütztes Zentrum; Weiß darf sehr zufrieden sein.} Nc5 22. Nxg6 hxg6 (22... Nxg6 23. Nxc5 Qxc5+ 24. Kh2 $16) 23. Nxc5 Qxc5+ 24. Kh2 {Das Gegenüber von b8 und h2 spornt die schwarzen Gedanken an.} (24. Kh1) 24... g5 ({Bei dem passiven} 24... Qe7 $6 {wären die schwarzen Aussichten nicht rosig.}) 25. f5 ({Eine Annahme des Angebots} 25. Bxb7 {führt nach} gxf4 26. gxf4 Ng6 27. Rf1 Qa5 28. Bg2 Rd2 29. Qe1 {zu einer spannungsreichen Stellung. Die aktiven Figuren versprechen Schwarz mehr Gegenspiel als bei 24...e7.}) 25... Qa5 26. Qe3 Qd2 27. Bc3 Qc2 28. e6 ({Gefährlich sieht auch} 28. Rac1 Qxf5 29. Be4 (29. Bxb7 g4) 29... Qe6 30. Qxg5 {aus.}) 28... fxe6 ({Möglicherweise war hier} 28... Qxf5 {angebracht:} 29. exf7+ (29. Be4 Qxe6 30. Qxg5 Qh6 31. Qxh6 gxh6 32. Bxb7 Rxe1 33. Bxe1 (33. Rxe1 $2 Rd3) 33... Be5 {scheint relativ erträglich.}) 29... Kxf7 $1 (29... Qxf7 30. Qxg5 $16) 30. Be4 (30. Qc1 $2 Rd3 $1 $19) (30. Rf1 Rxe3 31. Rxf5+ Kg6 32. Rf3 Rdd3 33. Rxe3 Rxe3 34. Be1 b5 $132) 30... Rxe4 $1 31. Qxe4 Bxg3+ 32. Kxg3 Rd3+ 33. Kg2 Qxh3+ 34. Kf2 {Schwarz bekommt noch den c3 und Weiß den b7. Weiß fällt es hier nicht leicht, einen Gewinn nachzuweisen, z.B.:} Qh2+ (34... Rxc3 35. Qxb7+ Qd7) 35. Kf1 (35. Qg2 Qxg2+ 36. Kxg2 Rxc3 $17) 35... Rxc3 (35... Qh3+ 36. Ke2 Rxc3 37. Qxb7+ Kg8) 36. Qxb7+ Kg8 37. Qd5+ Kh7 38. Ra2 Qh3+) 29. Rac1 Qxf5 30. Be4 Qf7 31. Qxg5 {[%cal Re1f1] Es droht f1 nebst Überführung der  in die h-Linie. Danach fällt es schwer, etwas gegen xf8 (Beseitigung des letzten Verteidigers) zu finden.} Qe7 (31... Rd7 32. Rf1 $18) ({Leider klappt} 31... Nh7 {auch nicht:} 32. Qh4 Qf2+ 33. Kh1 Nf8 34. Bxg7 $1 Qxg3 (34... Kxg7 35. Qg5+ Kh8 36. Rf1 $18) 35. Be5 $5 $18) 32. Qh5 {[%cal Re1f1]} Qf7 (32... Qd6 33. Re3 Qa6 {Verhindert f1} 34. Rc2 {[%cal Rc2f2] Nun kommt er über f2.}) 33. Qxf7+ Kxf7 34. Bxb7 {Diese Endspiel ist ungünstig für Schwarz: zu dem weißen Läuferpaar kommen noch die zersplitterten Bauern.} Rd3 (34... Nh7 {gefällt mir besser}) 35. Rf1+ Kg8 (35... Ke7 36. Bb4+ Bd6 37. Be4 Rd4 38. Rc7+ Nd7 39. Bg6 $18) 36. Rf3 Rxf3 37. Bxf3 Rc8 38. Bd2 Rd8 (38... Rxc1 39. Bxc1 {führt zu einem Endspiel, wie es auch später in der Partie entsteht.}) 39. Bb4 Ng6 $2 {vergrößert die schwarzen Probleme.} (39... Be5) 40. Bg4 Nf8 41. Kg2 Bd6 42. Rd1 Bc7 43. Rxd8 Bxd8 44. h4 {Trotz des reduzierten Bauernmaterials ist die schwarze Lage kritisch.} Kf7 45. Bd1 Be7 {Schwarz gelingt es, das Läuferpaar zu halbieren. Es verbleibt aber das weiße Bauernübergewicht am Königsflügel mit der Möglichkeit, einen entfernten Freibauern zu binden. Außerdem ist der der  dem  hier überlegen.} 46. Kf3 Nd7 47. Ke4 {Weiß hat die Chance, irgendwann den a7 mit dem  zu erobern.} a5 (47... Nf6+ 48. Kd4) 48. Bxe7 Kxe7 49. g4 Kd6 50. g5 Nc5+ 51. Kf4 Nd3+ 52. Ke3 Nc5 (52... Nb2 53. Be2) (52... Ne5 53. h5 Ke7 54. Kd4 ({Aber nicht} 54. h6 $2 gxh6 55. gxh6 Kf6 $14) (54. Kf4) 54... Nf7 55. g6 Nd6 56. Kc5) 53. h5 Ke5 54. Bc2 Nd7 55. Kd2 (55. h6 gxh6 56. gxh6 Kf6 57. Kd4 Ne5 58. h7 Nf7 59. Kc5 $18) 55... Kf4 56. h6 gxh6 57. gxh6 Ne5 58. h7 Nf7 59. Kc3 e5 60. Kc4 e4 61. Kb5 e3 62. Bd3 Ke5 (62... Kf3 63. Kxa5 e2 64. Bxe2+ Kxe2 65. a4 $18) 63. Kxa5 Kf6 64. Kb6 Kg7 65. a4 Ne5 66. Bf1 Nd7+ 67. Kc6 Ne5+ 68. Kb6 (68. Kc7 $18) 1-0

[Event "POL-ch 59th"]
[Site "Warsaw"]
[Date "2002.05.05"]
[Round "7"]
[White "Kempinski, Robert"]
[Black "Gdanski, Jacek"]
[Result "1-0"]
[WhiteElo "2570"]
[BlackElo "2523"]
[Annotator "Atlas,Valeri"]
[PlyCount "91"]
[EventDate "2002.04.29"]
[EventType "tourn"]
[EventRounds "13"]
[EventCountry "POL"]
[EventCategory "10"]
[SourceTitle "CBM 089"]
[Source "ChessBase"]
[SourceDate "2002.08.12"]
[SourceVersion "1"]
[SourceVersionDate "2002.08.12"]
[SourceQuality "1"]

1. d4 g6 2. Nf3 Bg7 3. g3 c5 4. Bg2 cxd4 5. Nxd4 Nc6 6. Nb3 d6 7. O-O Be6 8. Nc3 ({RR} 8. h3 a5 9. a4 Bxb3 10. cxb3 Nf6 11. Nc3 O-O 12. Be3 Nd7 13. Qd3 Nb4 14. Qd2 Nc5 15. Bxc5 dxc5 16. Rad1 Qb6 17. Qe3 e6 18. Rd7 Nc6 19. Ne4 Rad8 20. Qxc5 Qxb3 21. Rxd8 Rxd8 22. Nd6 Bd4 {Bu,X (2710)-Ghaem Maghami,E (2594) Las Vegas 2014 ½-½}) 8... Bxc3 ({RR} 8... Qd7 9. Be3 Bh3 10. Qd3 h5 11. Qb5 Bxg2 12. Kxg2 h4 13. Rh1 h3+ 14. Kg1 Nf6 15. f3 Rc8 16. Kf2 Rh5 17. Qa4 Rf5 18. Rad1 b5 19. Qh4 Rh5 20. Qf4 Rf5 21. Qh4 Ne5 22. Bg5 b4 23. Bxf6 {Amburgy,R (2200)-Melkumyan,H (2640) chess.com INT 2024 0-1 (38)}) 9. bxc3 Qd7 10. Re1 Nf6 $146 ({RR} 10... h5 11. h4 Nf6 12. Nd4 Bh3 13. Bh1 Kf8 14. Rb1 Kg7 15. c4 Rac8 16. c5 Nxd4 17. Qxd4 Rxc5 18. Rxb7 Qe6 19. Bb2 Rhc8 20. Rxa7 R8c7 21. Rxc7 Rxc7 22. Bd5 Qf5 23. Qd3 Rc5 24. Bb3 Qd7 25. e4 {Rastenis,G-Binham,T (2340) Joensuu 1989 1-0 (41)}) ({RR} 10... Rc8 11. c4 b6 12. Bb2 f6 13. a4 h5 14. a5 h4 15. axb6 axb6 16. Nd4 Nxd4 17. Qxd4 hxg3 18. hxg3 Qc7 19. Qe3 Kf7 20. Bd4 Nh6 21. Bxb6 Qxc4 22. Ra7 Nf5 23. Qa3 Qc3 24. Qxc3 Rxc3 25. e4 {Yashmetov,M (2394)-Alekseev,E (2620) Sochi 2018 0-1}) 11. Nd4 Bh3 12. Bh1 Rc8 13. a4 Na5 14. Nb3 b6 15. Nxa5 bxa5 16. Bh6 Ng4 17. Qd4 f6 18. Bd2 Ne5 19. Reb1 Nc6 20. Qc4 Be6 21. Qa6 Rc7 22. Rb7 Nd8 23. Rb8 Kf7 24. Qxa5 Re8 25. Qb5 Nc6 26. Rxe8 Qxe8 27. Be3 Ne5 28. f4 Nc4 29. Bd4 Qc8 30. a5 Bd7 31. Qb4 e5 32. fxe5 dxe5 33. Bf2 Be6 34. a6 Qd8 35. Bb7 Qd2 36. Bxa7 Qxe2 37. Bf2 Rd7 38. Qc5 e4 39. Re1 Rd1 40. Qc7+ Kg8 {[%tqu "En","Black's attack might appear very dangerous, but it is just an illusion. How can you dissolve it?","Try to deflect the enemy rook.","Employ your queen!","c7d8","The only move, which is, however, sufficient for win.",4]} 41. Qd8+ $1 {[%csl Rd1,Re2,Rg8][%cal Ge1e2,Gd8d1,Gd8g8] This elegant queen move spells a quick end for Black. In fact, all other moves were losing.} Rxd8 42. Rxe2 {[%cal Ga6a8] The ending is easily winning for White, since Black cannot stop the advanced a-pawn.} e3 43. Bxe3 Rd1+ 44. Kf2 Bh3 45. Re1 Nxe3 46. Rxd1 1-0

[Event "YUG Cup1"]
[Site "Yugoslavia"]
[Date "2002.05.18"]
[Round "6"]
[White "Stojanovic, Mihajlo"]
[Black "Fressinet, Laurent"]
[Result "1-0"]
[WhiteElo "2547"]
[BlackElo "2606"]
[PlyCount "67"]
[EventDate "2002.05.??"]
[EventType "swiss"]
[EventRounds "7"]
[EventCountry "YUG"]
[SourceTitle "EXT 2006"]
[Source "ChessBase"]
[SourceDate "2005.11.24"]
[SourceVersion "1"]
[SourceVersionDate "2005.11.24"]
[SourceQuality "1"]

1. Nf3 d5 2. g3 g6 3. Bg2 Bg7 4. O-O c5 5. d3 e6 6. e4 Nc6 7. Qe2 Nge7 8. c3 b6 9. Re1 Ba6 10. e5 h6 11. h4 Qc7 12. Na3 Rd8 13. Bd2 $146 ({RR} 13. Nc2 Nf5 14. Bd2 b5 15. b4 cxb4 16. cxb4 Qb6 17. Rac1 Nxg3 18. Qe3 Qxe3 19. Bxe3 Nf5 20. Bc5 Bf8 21. d4 Kd7 22. Bh3 Be7 23. Bxf5 gxf5 24. Bxe7 Nxe7 25. Na1 Rdg8+ 26. Kh2 Rg4 27. Nb3 Bc8 {Seul,G (2372)-Marra,E (2200) Chess.com INT 2021 1-0 (70)}) ({RR} 13. Nc2 Nf5 14. Bd2 b5 15. b4 cxb4 16. cxb4 Qb6 17. Rac1 Nxg3 18. Qe3 Qxe3 19. Bxe3 Nf5 20. Bc5 Bf8 21. d4 Kd7 22. Bh3 Be7 23. Bxf5 gxf5 24. Bxe7 Nxe7 25. Na1 Rdg8+ 26. Kh2 Rg4 27. Nb3 Bc8 {Seul,G (2372)-Marra,E (2200) Chess.com INT 2021 1-0 (70)}) 13... Qb8 14. b4 cxb4 15. cxb4 b5 16. d4 Nf5 17. Nc2 Rc8 18. Qd3 Qb6 19. Bf1 O-O 20. Rac1 Nb8 21. g4 Ne7 22. Na1 Rc4 23. Nb3 Nbc6 24. a3 Bc8 25. Bh3 Kh8 26. Kh2 Qc7 27. Kh1 Nb8 28. h5 g5 29. Bxg5 Nbc6 30. Bd2 Ng8 31. g5 Nce7 32. Nc5 Nf5 33. Bxf5 exf5 34. Rg1 1-0

[Event "SVK-ch"]
[Site "Kaskady"]
[Date "2002.06.29"]
[Round "3"]
[White "Movsesian, Sergei"]
[Black "Khenkin, Igor"]
[Result "1-0"]
[WhiteElo "2624"]
[BlackElo "2587"]
[PlyCount "145"]
[EventDate "2002.06.27"]
[EventType "tourn"]
[EventRounds "11"]
[EventCountry "SVK"]
[EventCategory "12"]
[SourceTitle "CBM 090"]
[Source "ChessBase"]
[SourceDate "2002.09.20"]
[SourceVersion "1"]
[SourceVersionDate "2002.09.20"]
[SourceQuality "1"]

1. Nf3 d5 2. g3 g6 3. Bg2 Bg7 4. O-O e5 5. d3 Nc6 6. Nc3 d4 7. Nb1 ({RR} 7. Ne4 Nge7 8. c3 O-O 9. cxd4 exd4 10. Bd2 a5 11. Qc1 b6 12. Bg5 f6 13. Bh6 Be6 14. a3 a4 15. Bxg7 Kxg7 16. Qc2 Bb3 17. Qc1 Na5 18. h4 Bd5 19. Qc2 c5 20. e3 Nb3 21. Rad1 Nc6 {Karjakin,S (2773)-Nakamura,H (2792) Saint Louis 2017 ½-½ (44)}) 7... Nge7 8. c3 ({RR} 8. e4 dxe3 9. fxe3 e4 10. dxe4 Qxd1 11. Rxd1 Bg4 12. h3 Bxf3 13. Bxf3 Ne5 14. Bg2 O-O 15. Nc3 Rfd8 16. Nd5 Kf8 17. Bd2 c6 18. Nxe7 Kxe7 19. Bb4+ Ke8 20. Bc3 h5 21. Kf2 Bf6 22. Bf1 Kf8 {Hiwale,R (2093)-Srihari,L (2498) chess.com INT 2025 0-1 (72)}) 8... O-O 9. cxd4 $146 ({RR} 9. Nbd2 Be6 10. Qc2 Qd7 11. Nb3 b6 12. Bd2 a5 13. a4 Bh3 14. Rac1 Bxg2 15. Kxg2 Rac8 16. cxd4 exd4 17. Qc4 h6 18. Rc2 Rfd8 19. Rfc1 Qf5 20. h3 g5 21. g4 Qg6 22. Qb5 Rd6 23. Rc4 Rf8 {Vladimirov,V (2169)-Jonsson,G (2053) Struga 2021 1-0 (59)}) ({RR} 9. Nbd2 Be6 10. Qc2 Qd7 11. Nb3 b6 12. Bd2 a5 13. a4 Bh3 14. Rac1 Bxg2 15. Kxg2 Rac8 16. cxd4 exd4 17. Qc4 h6 18. Rc2 Rfd8 19. Rfc1 Qf5 20. h3 g5 21. g4 Qg6 22. Qb5 Rd6 23. Rc4 Rf8 {Vladimirov,V (2169)-Jonsson,G (2053) Struga 2021 1-0 (59)}) 9... exd4 10. Nbd2 Be6 11. Ne4 b6 12. Neg5 Bf5 13. Nh3 h6 14. Nf4 g5 15. Nh5 Bh8 16. h3 Bg6 17. g4 Qd7 18. Ng3 Bg7 19. Bd2 Rad8 20. Rc1 Ne5 21. Nxe5 Bxe5 22. f4 gxf4 23. Bxf4 Bxf4 24. Rxf4 c5 25. Qd2 Nd5 26. Bxd5 Qxd5 27. Rcf1 Rfe8 28. R1f3 Qg5 29. Qd1 Re3 30. Qa4 Rxf3 31. Rxf3 Qe7 32. Kg2 Rd5 33. Qc6 Re5 34. Qf6 Qxf6 35. Rxf6 h5 36. gxh5 Bxh5 37. Kf2 Bg6 38. Kf3 Rd5 39. b3 Rd7 40. h4 Kg7 41. Rc6 f6 42. Kf4 Rb7 43. a3 Re7 44. Rc8 Rd7 45. Kg4 Re7 46. Rc6 Rb7 47. h5 Bh7 48. Nf5+ Bxf5+ 49. Kxf5 Re7 50. Re6 Rd7 51. Rxf6 Rd5+ 52. Ke6 Rxh5 53. Rf7+ Kg6 54. Rxa7 Rh2 55. Rb7 Rxe2+ 56. Kd5 Rd2 57. Rxb6+ Kf5 58. Kxc5 Rxd3 59. Kc4 Rd1 60. Rb8 d3 61. Kc3 Ke4 62. Re8+ Kf3 63. a4 Kf4 64. Re7 Kf3 65. Re6 Kf4 66. Re8 Kf3 67. a5 d2 68. Kc2 Ra1 69. Kxd2 Rxa5 70. Kc3 Ra7 71. b4 Rb7 72. Kc4 Rc7+ 73. Kd5 1-0

[Event "Bled op-A 23rd"]
[Site "Bled"]
[Date "2002.07.05"]
[Round "4"]
[White "Chatalbashev, Boris"]
[Black "Palac, Mladen"]
[Result "1-0"]
[WhiteElo "2530"]
[BlackElo "2564"]
[PlyCount "73"]
[EventDate "2002.07.02"]
[EventType "swiss"]
[EventRounds "9"]
[EventCountry "SLO"]
[SourceTitle "CBM 089 Extra"]
[Source "ChessBase"]
[SourceDate "2002.09.10"]
[SourceVersion "2"]
[SourceVersionDate "2002.09.10"]
[SourceQuality "1"]

1. b3 d5 2. Bb2 Bg4 3. g3 Nd7 4. Bg2 c6 5. Nf3 Ngf6 6. O-O e6 7. d3 Bc5 8. Nbd2 O-O 9. e4 dxe4 10. dxe4 e5 11. h3 Bxf3 12. Qxf3 a5 ({RR} 12... Qe7 13. Rad1 b5 14. h4 a5 15. c3 Nb6 16. Rfe1 Qe6 17. Qf5 Ng4 18. Re2 Rad8 19. Bf3 Rd3 20. Kg2 Nxf2 21. Rxf2 Bxf2 22. Kxf2 Qd6 23. Bc1 g6 24. Qg5 f6 25. Qh6 f5 26. Kg2 Rxf3 27. Nxf3 {Ribli,Z (2605)-Tal,M (2565) Montpellier 1985 0-1}) ({RR} 12... Qe7 13. a4 b5 14. Qe2 a6 15. Ra2 Nb6 16. Nf3 Nfd7 17. axb5 axb5 18. Rfa1 Rxa2 19. Rxa2 Ra8 20. Rxa8+ Nxa8 21. Qd1 Nc7 22. h4 f6 23. Bh3 Nf8 24. Kg2 Nfe6 25. h5 Qd6 26. Qxd6 Bxd6 27. Bc3 {Polzin,R (2393)-Pubantz,J (2269) Tornelo INT 2022 ½-½ (38)}) 13. Nc4 Qc7 14. a4 b5 $146 ({RR} 14... Rfe8 15. Rfd1 Bf8 16. Bc3 Bb4 17. Bb2 Bf8 18. Qf5 g6 19. Qf3 h5 20. h4 Ng4 21. Bh3 Ndf6 22. Ne3 Qc8 23. Bxg4 Nxg4 24. Nxg4 hxg4 25. Qe3 Qe6 26. Rd3 Rad8 27. Rad1 Be7 28. Qb6 Rxd3 29. Rxd3 {Heyken,E (2415)-Osieka,U (2235) Germany 1990 1-0 (51)}) 15. Ne3 Rfe8 16. Rfd1 bxa4 17. Rxa4 Nb6 18. Raa1 a4 19. Nf5 Bf8 20. Nh6+ Kh8 21. bxa4 Re6 22. Nf5 g6 23. a5 Nc4 24. Bc3 gxf5 25. exf5 Re7 26. Ra4 Nd6 27. Qxc6 Qxc6 28. Bxc6 Rd8 29. a6 Ra7 30. Bxe5 Be7 31. g4 Kg8 32. g5 Nfe8 33. f6 Bf8 34. Bxe8 Rxe8 35. Bxd6 Rd8 36. Rad4 Rxa6 37. Be7 1-0

[Event "Lasker Memorial op"]
[Site "Barlinek"]
[Date "2002.07.24"]
[Round "6"]
[White "Miroshnichenko, Evgenij"]
[Black "Brodsky, Michail"]
[Result "1-0"]
[WhiteElo "2525"]
[BlackElo "2539"]
[PlyCount "61"]
[EventDate "2002.07.19"]
[EventType "swiss"]
[EventRounds "9"]
[EventCountry "POL"]
[SourceTitle "CBM 089 Extra"]
[Source "ChessBase"]
[SourceDate "2002.09.10"]
[SourceVersion "2"]
[SourceVersionDate "2002.09.10"]
[SourceQuality "1"]

1. e4 c5 2. Nf3 e6 3. d3 Nc6 4. g3 d5 5. Nbd2 Bd6 6. Bg2 Nge7 7. O-O d4 8. c3 ({RR} 8. a4 e5 9. Nc4 Bc7 10. Nh4 O-O 11. f4 exf4 12. Bxf4 Be6 13. b3 Ng6 14. Bxc7 Qxc7 15. Nf5 Bxc4 16. bxc4 Nge5 17. Qd2 f6 18. h4 g6 19. Nh6+ Kg7 20. g4 Nf7 21. Nxf7 Rxf7 22. Rf4 Ne5 {Karamichos,M (2012)-Ivanov,M (2269) Nis SRB 2024 ½-½ (68)}) ({RR} 8. Nc4 Bc7 9. a4 O-O 10. e5 Rb8 11. Bf4 h6 12. Bd2 b6 13. Re1 a6 14. Re4 Ng6 15. Qe2 b5 16. axb5 axb5 17. Na3 Bb7 18. Re1 Nce7 19. h4 Bxe4 20. Qxe4 Nd5 21. Qg4 Ba5 22. Nb1 Bxd2 {Voitsekhovsky,S (2511)-Brodsky,M (2539) Barlinek 2002 0-1 (42)}) 8... O-O ({RR} 8... e5 9. cxd4 cxd4 10. Nh4 O-O 11. f4 exf4 12. gxf4 Ng6 13. Nxg6 fxg6 14. Qb3+ {½-½ (14) Maiwald,J (2514)-Bischoff,K (2559) Germany 2004}) 9. Nc4 $146 ({RR} 9. a4 e5 10. cxd4 cxd4 11. Nc4 Be6 12. Nxd6 Qxd6 13. b3 f6 14. Ba3 Qd7 15. Nd2 Rfb8 16. f4 b5 17. axb5 Rxb5 18. Nc4 exf4 19. gxf4 Rab8 20. Bd6 R8b7 21. f5 Bf7 22. e5 Bd5 23. exf6 Bxg2 {Maiwald,J (2490)-Volke,K (2475) Schoeneck 1996 1-0 (32)}) 9... Bc7 10. cxd4 cxd4 11. a4 Rb8 12. Bd2 b5 13. axb5 Rxb5 14. Qa4 a6 15. Rfc1 Rb8 16. b4 Bb7 17. b5 axb5 18. Qxb5 Bc8 19. Qc5 Rb3 20. Ra8 Qd7 21. Bf1 Bb8 22. Nce5 Nxe5 23. Nxe5 Qd6 24. Qc4 Rb7 25. Bf4 Rc7 26. Qb3 Rxc1 27. Bxc1 Qxe5 28. Bf4 Qc5 29. Qxb8 Re8 30. Bd6 Qc6 31. Bxe7 1-0

[Event "Biel MTO op"]
[Site "Biel"]
[Date "2002.07.25"]
[Round "4"]
[White "Arizmendi Martinez, Julen Luis"]
[Black "Ulybin, Mikhail"]
[Result "1-0"]
[WhiteElo "2503"]
[BlackElo "2589"]
[PlyCount "79"]
[EventDate "2002.07.22"]
[EventType "swiss"]
[EventRounds "11"]
[EventCountry "SUI"]
[SourceTitle "EXT 2003"]
[Source "ChessBase"]
[SourceDate "2002.11.25"]
[SourceVersion "1"]
[SourceVersionDate "2002.11.25"]
[SourceQuality "1"]

1. e4 c5 2. Nf3 e6 3. d3 Nc6 4. g3 g6 5. Bg2 Bg7 6. O-O Nge7 7. c3 e5 8. Be3 d6 9. h3 O-O 10. d4 exd4 11. cxd4 d5 12. exd5 Nxd5 13. Bg5 Qb6 $146 ({RR} 13... Bf6 14. dxc5 Bxg5 15. Nxg5 Qxg5 16. Qxd5 Qxd5 17. Bxd5 Bxh3 18. Rd1 Nb4 19. Be4 f5 20. a3 fxe4 21. axb4 e3 22. fxe3 Rf3 23. Kh2 Be6 24. Nd2 Rxe3 25. Re1 Rxe1 26. Rxe1 Rd8 27. Ne4 Rd4 28. Nf6+ {Frilli,G (2142)-Sedina,E (2393) Saint Vincent 2004 0-1 (75)}) 14. Nc3 Nxc3 15. bxc3 cxd4 16. Nxd4 Qa5 17. Be3 Ne5 18. Qb3 a6 19. c4 Rb8 20. Rab1 Re8 21. c5 Nd7 22. Rfc1 Nxc5 23. Qd5 Rd8 24. Rxc5 Rxd5 25. Rxa5 Rxa5 26. Nc6 Rb5 27. Rxb5 axb5 28. Nxb8 Be5 29. Ba7 Bd6 30. Bf1 b4 31. Bb5 Be6 32. Nd7 Bxa2 33. Bc5 Bxc5 34. Nxc5 Bd5 35. Ba4 Kg7 36. Bb3 Bc6 37. Nd3 Kf6 38. Nxb4 Bd7 39. h4 h5 40. Kg2 1-0

[Event "Peregrina op 18th"]
[Site "Pontevedra"]
[Date "2002.08.20"]
[Round "8.2"]
[White "Mirzoev, Azer"]
[Black "Luther, Thomas"]
[Result "1-0"]
[WhiteElo "2516"]
[BlackElo "2551"]
[PlyCount "125"]
[EventDate "2002.08.13"]
[EventType "swiss"]
[EventRounds "9"]
[EventCountry "ESP"]
[SourceTitle "EXT 2003"]
[Source "ChessBase"]
[SourceDate "2002.11.25"]
[SourceVersion "1"]
[SourceVersionDate "2002.11.25"]
[SourceQuality "1"]

1. Nf3 Nf6 2. g3 b5 3. Bg2 Bb7 4. c3 e6 5. O-O Be7 6. a4 ({RR} 6. Qb3 a6 7. a4 O-O 8. d3 c6 9. e4 d5 10. exd5 Nxd5 11. d4 Qc7 12. Bg5 Bd6 13. Na3 bxa4 14. Qxa4 Nd7 15. Qd1 h6 16. Bd2 N5b6 17. c4 Bxa3 18. bxa3 Nxc4 19. Bf4 Qc8 20. Qb3 Ncb6 {Ragger,M (2670)-Buhmann,R (2571) Vienna 2012 1-0 (59)}) 6... b4 ({RR} 6... a6 7. d3 O-O 8. e4 d5 9. e5 Nfd7 10. d4 c5 11. Nbd2 Nc6 12. Re1 Qb6 13. Nf1 b4 14. Be3 a5 15. h4 Ba6 16. N1h2 Rab8 17. Ng5 bxc3 18. bxc3 cxd4 19. cxd4 Bxg5 20. hxg5 Qb3 21. Qh5 {Stachanczyk,J (2076)-Cordeiro,M (2081) chess.com INT 2024 1-0 (40)}) 7. c4 $146 ({RR} 7. a5 O-O 8. d4 c5 9. Nbd2 cxd4 10. cxd4 d5 11. Ne5 a6 12. Qa4 Nfd7 13. Ndf3 Nxe5 14. Nxe5 f6 15. Nd3 Bc6 16. Qb3 Bb5 17. Nf4 Bc4 18. Qe3 Qd6 19. b3 e5 20. bxc4 exf4 21. Qxf4 Kh8 {Heck,N (2262)-Streit,J (1933) Germany 2011 1-0 (41)}) ({RR} 7. cxb4 Bxb4 8. Qb3 a5 9. Nc3 O-O 10. d4 Na6 11. Bf4 d6 12. Rfd1 Rb8 13. Rac1 Qe7 14. Nb5 Bd5 15. Qc2 Be4 16. Qb3 Bd5 17. Qe3 Rfc8 18. Na7 Rd8 19. Nc6 Bxc6 20. Rxc6 Nd5 21. Qc1 Nxf4 {Arabidze,M (2432)-Vifleemskaia,S (1926) Chess.com INT 2022 ½-½ (79)}) 7... c5 8. d4 cxd4 9. Nbd2 Qc7 10. Nxd4 Bxg2 11. Kxg2 O-O 12. b3 Nc6 13. Bb2 Nxd4 14. Bxd4 Qb7+ 15. Kg1 Rfd8 16. e3 Ne8 17. Qf3 Qxf3 18. Nxf3 Bf6 19. Rfd1 Kf8 20. e4 Bxd4 21. Nxd4 Nc7 22. Rd3 Na6 23. Rad1 Nc5 24. Re3 f6 25. Kf1 Ke7 26. Ke2 g5 27. Kd2 Rg8 28. Kc2 a6 29. Nf3 Rac8 30. h4 g4 31. Ne1 a5 32. Nd3 Nb7 33. Kd2 Rgd8 34. Re2 Nc5 35. Nxc5 Rxc5 36. Ke3 Rdc8 37. Red2 R8c7 38. Kf4 h5 39. Rd6 R5c6 40. Rxc6 Rxc6 41. f3 gxf3 42. Kxf3 f5 43. exf5 d5 44. cxd5 Rc3+ 45. Kf4 exf5 46. d6+ Kd7 47. Rd5 Rxb3 48. Rxf5 Ra3 49. Rxa5 b3 50. Ke5 b2 51. Rb5 Rxg3 52. Rxb2 Re3+ 53. Kf4 Re1 54. Rb6 Rg1 55. Ke5 Re1+ 56. Kf5 Ra1 57. Kg6 Rxa4 58. Kxh5 Ke6 59. Kg5 Rd4 60. h5 Kf7 61. Kh6 Rd5 62. Rb7+ Kf6 63. Rg7 1-0